| 000 | 01004cam a2200229 4500 | ||
|---|---|---|---|
| 001 | WB4005-05 | ||
| 008 | 040203n2004 000 0 eng u | ||
| 035 | _a(Sirsi) u125000 | ||
| 245 | _aRetail Footprint | ||
| 260 | _c2004 | ||
| 490 |
_aPlanning (for the Natural and Built Environment) _v(1554)30 January 2004, 8(1) |
||
| 520 | _aThe latest release of CACIRetail Footprint, indicates that the UK's largest retailers are focusing on small number of flagship developments. The top 20 UK retail centres were headed by London's West End followed by Glasgow and Birmingham. Bluewater was the highest placed out of town regional mall at seventh on the list. Details of the report can be found at http://www.cci.co.uk/news-details49.hhtm. | ||
| 590 | _aWB | ||
| 590 | _aWB | ||
| 650 | _aRETAIL DEVELOPMENTS | ||
| 650 | _aWEST END OF LONDON | ||
| 650 | _aRETAIL TRENDS | ||
| 650 | _aOUTLET SHOPPING CENTRES | ||
| 650 | _aSHOPPING CENTRES | ||
| 690 | _aCOMMERCIAL PROPERTY-RETAIL | ||
| 942 | _n0 | ||
| 999 |
_c116985 _d116985 |
||